Dificultades de aprendizaje
Guardat en:
| Autor principal: | |
|---|---|
| Format: | Llibre |
| Idioma: | espanyol |
| Publicat: |
Barcelona
CEAC
1991
|
| Col·lecció: | Colección Educación y Enseñanza. Serie Educación Especial
|
| Matèries: | |
| Etiquetes: |
Afegir etiqueta
Sense etiquetes, Sigues el primer a etiquetar aquest registre!
|
MARC
| LEADER | 00000nam a2200000 a 4500 | ||
|---|---|---|---|
| 001 | UCY3068 | ||
| 003 | CL-VaPUC | ||
| 008 | 941209e19910000SP |||||||||||||||||spa|d | ||
| 082 | 0 | 4 | |a 371.92 |b MER |2 21 |
| 100 | |a Mercer, Cecil D. |e autor |9 331265 | ||
| 245 | 1 | 0 | |a Dificultades de aprendizaje |
| 300 | |a 2 v | ||
| 942 | |c BK | ||
| 945 | |d 19941209 00:00:00 |a mfernand | ||
| 260 | |a Barcelona |b CEAC |c 1991 | ||
| 500 | |a v.1: Origen y diagnóstico | ||
| 500 | |a v.2: Trastornos específicos y tratamiento | ||
| 650 | 0 | |a Trastornos del aprendizaje |9 307969 | |
| 650 | 0 | |a Educación especial |9 307486 | |
| 583 | |a last modification |c 19941209 00:00:00 |k Rodrigo Vera | ||
| 490 | 0 | |a Colección Educación y Enseñanza. Serie Educación Especial | |
| 999 | |c 231311 |d 231309 | ||
| 952 | |0 0 |1 0 |4 0 |6 371_920000000000000_MER_1991 |7 0 |8 A |9 234428 |a BIBEDU |b BIBEDU |d 2019-11-15 |h v.1 |i 3034283 |l 1 |o 371.92 MER 1991 |p 3034283 |r 2022-10-04 |s 2022-10-04 |w 2019-11-15 |y BK |k EPE | ||
| 952 | |0 0 |1 0 |4 0 |6 371_920000000000000_MER_1991 |7 0 |8 A |9 234429 |a BIBEDU |b BIBEDU |d 2019-11-15 |h v.2 |i 3034291 |o 371.92 MER 1991 |p 3034291 |r 2019-11-15 |w 2019-11-15 |y BK |k EPE | ||
| 952 | |0 0 |1 0 |4 0 |6 371_920000000000000_MER_1991 |7 0 |8 A |9 234430 |a BIBEDU |b BIBEDU |d 2019-11-15 |h v.1 |i 3093123 |o 371.92 MER 1991 |p 3093123 |r 2019-11-15 |w 2019-11-15 |y BK |k EPE | ||
| 952 | |0 0 |1 0 |4 0 |6 371_920000000000000_MER_1991 |7 0 |8 A |9 234431 |a BIBEDU |b BIBEDU |d 2019-11-15 |h v.2 |i 3093131 |o 371.92 MER 1991 |p 3093131 |r 2019-11-15 |w 2019-11-15 |y BK |k EPE | ||
| 952 | |0 0 |1 0 |4 0 |6 371_920000000000000_MER_1991 |7 0 |8 A |9 234432 |a BIBEDU |b BIBEDU |d 2019-11-15 |h v.2 |i 3495450 |o 371.92 MER 1991 |p 3495450 |r 2019-11-15 |w 2019-11-15 |y BK |k BME | ||
| 952 | |0 0 |1 0 |4 0 |6 371_920000000000000_MER_1991 |7 0 |8 A |9 234433 |a BIBEDU |b BIBEDU |d 2019-11-15 |h v.1 |i 3495388 |o 371.92 MER 1991 |p 3495388 |r 2019-11-15 |w 2019-11-15 |y BK |k BME | ||